000 00245nam a22001097a 4500
082 _a621.433 AND'A
100 _aANDERSON, E. P
_956933
245 _aAUDELS GAS ENGINES MANUAL
260 _aNEWYORK
_bHOWARD
_c1965
300 _a475P
942 _cBK
999 _c567269
_d567269